000 00651nam a2200241Ia 4500
003 OSt
005 20220924125056.0
006 a|||||r|||| 00| 0
007 ta
008 220923b |||||||| |||| 00| 0 urd d
024 _a321203
037 _cTextual
040 _aARTS
_cARTS
_burd
041 _2urd
_aurd
082 _aQ70aW, 168H7
100 _aNadvi Syed sulaiman Au.
245 0 _aIslami nazriya-e-siyasat
260 _aPatna
_bMaktaba deen-o-Danish India
_c1947
300 _a111p.
_ccm.
650 _aISLAM
_9577
942 _hQ70aW, 168H7
_cTEXL
_2CC
999 _c421652
_d421652